|
|
|
|
| LEADER |
01244nam a2200289 u 4500 |
| 001 |
10017603 |
| 003 |
upatras |
| 005 |
20210511075921.0 |
| 008 |
881025s1972 ge eng |
| 020 |
|
|
|a 3211811303
|
| 040 |
|
|
|a GR-PaULI
|c GR-PaULI
|
| 041 |
0 |
|
|a eng
|
| 082 |
0 |
4 |
|a 519.544
|
| 100 |
1 |
|
|a Parkus, Heinz
|4 aut
|9 137799
|
| 245 |
1 |
0 |
|a Optimal filtering
|c Heinz Parkus
|
| 260 |
|
|
|a Wien
|b Springer - Verlag
|c 1972
|
| 300 |
|
|
|a 58 σ.
|c 24 εκ.
|
| 490 |
0 |
|
|a CISM courses and lectures
|v 94
|
| 650 |
|
4 |
|a Ψηφιακά φίλτρα (Μαθηματικά)
|9 40626
|
| 710 |
2 |
|
|a International Centre for Mechanical Sciences
|9 86677
|
| 760 |
1 |
|
|a Courses and lectures
|g 94
|
| 852 |
|
|
|a GR-PaULI
|b ΠΑΤΡΑ
|b ΒΚΠ
|b ΒΣ1
|k ΑΣΧΞ
|h 519.544 PAR
|m 35126
|p 025000117237
|t 1
|
| 852 |
|
|
|a GR-PaULI
|b ΠΑΤΡΑ
|b ΒΚΠ
|b ΒΣ1
|k ΑΣΧΞ
|h 519.544 PAR
|m 35127
|p 025000240444
|t 2
|
| 942 |
|
|
|2 ddc
|c BK15
|
| 952 |
|
|
|0 0
|1 0
|4 0
|6 519_544000000000000_PAR
|7 0
|9 168996
|a LISP
|b LISP
|c BSC
|d 2016-04-24
|i 35126
|l 0
|o 519.544 PAR
|p 025000117237
|r 2016-04-24 00:00:00
|t 1
|w 2016-04-24
|y BK15
|
| 952 |
|
|
|0 0
|1 0
|4 0
|6 519_544000000000000_PAR
|7 0
|9 168997
|a LISP
|b LISP
|c BSC
|d 2016-04-24
|i 35127
|l 0
|o 519.544 PAR
|p 025000240444
|r 2016-04-24 00:00:00
|t 2
|w 2016-04-24
|y BK15
|
| 999 |
|
|
|c 105675
|d 105675
|